000 00441nam a2200169Ia 4500
008 230524s9999 xx 000 0 und d
082 _a5
_bJAG
100 _aAlok Kumar Jagdev
245 0 _aObject Oriented Programming using C++
250 _a1ST
260 _aNEW DELHI
_bPHI
_c2007
300 _aXI;337
500 _aQuantity Number: 2
650 _aComp-Sc
700 _a" Amiya Kumar Ratha , Satchidananda Dehuri,,,"
942 _cBK
999 _c36618
_d36618